Super Mario Maker Course Parts - Statistics

General Stats
  • This quiz has been taken 79 times
    66 since last reset
  • The average score is 27 of 61
Answer Stats
Type Element % Correct
Item Super Mushroom
95%
Enemy Goomba
91%
Enemy Koopa Troopa
91%
Terrain Mushroom Platform
91%
Item Fire Flower
88%
Enemy Bowser
86%
Enemy Burner
86%
Terrain Brick Block
77%
Terrain ? Block
74%
Terrain Ground
72%
Enemy Boo
67%
Enemy Lakitu
63%
Terrain Spike Trap
63%
Enemy Bullet Bill Blaster
58%
Enemy Cheep Cheep
58%
Item Mystery Mushroom
58%
Item Super Star
58%
Item Coin
56%
Enemy Buzzy Beetle
53%
Enemy Spiny
53%
Enemy Piranha Plant
51%
Gizmos P-Switch
51%
Enemy Dry Bones
49%
Terrain Ice Block
44%
Item 1-Up Mushroom
42%
Enemy Thwomp
42%
Item Yoshi Egg
42%
Enemy Bob-omb
40%
Enemy Hammer Bro
40%
Terrain Semi-Solid Platform
40%
Terrain Bridge
37%
Enemy Chain Chomp
37%
Terrain Hard Block
37%
Gizmos POW Block
37%
Enemy Blooper
35%
Gizmos Lift
35%
Terrain Pipe
35%
Gizmos Door
33%
Terrain Cloud
30%
Gizmos Fire Bar
30%
Gizmos Donut Block
28%
Gizmos Grinder
28%
Enemy Lava Bubble
28%
Enemy Magikoopa
28%
Enemy Rocky Wrench
28%
Gizmos Wing
28%
Enemy Goomba Shoe
26%
Terrain Hidden Blocks
26%
Terrain Noteblock
26%
Gizmos Track
26%
Item Trampoline
26%
Enemy Wiggler
26%
Gizmos Arrow Signs
23%
Enemy Muncher
23%
Enemy Cannon
21%
Enemy Spike Top
21%
Enemy Koopa Clown Car
19%
Gizmos Vine
19%
Gizmos One-Way Wall
16%
Gizmos Skull Platform
12%
Gizmos Conveyer Belt
2%
No matching quizzes found
Score Distribution
Percent of People with Each Score
Percentile by Number Answered
Your Score History
You have not taken this quiz since the last reset